| 000 | 02488nam0a2200385 i 4500 | ||
|---|---|---|---|
| 001 | RU\NLR\BIBL_A\011107936 | ||
| 005 | 20260405120402.0 | ||
| 021 |
_aRU _b2016-25953 _91655 |
||
| 021 |
_aRU _b2016-25953 _92569 |
||
| 035 | _a(NILC)RuMoRGB-008266292 | ||
| 035 | _a(NLR Aleph) 011107936 | ||
| 090 |
_a11458168 _c11458168 |
||
| 100 | _a20160426d2014 um y0rusy50 ca | ||
| 101 | 0 | _arus | |
| 102 | _aRU | ||
| 105 | _aac||j|||000yy | ||
| 200 | 1 |
_aПоршневые кольца _eназначение, конструктивное исполнение, комплектация, технология изготовления _eучебное пособие _fЮ. И. Матвеев, О. Е. Андрусенко, С. Е. Андрусенко _gФедеральное агентство морского и речного транспорта, Федеральное гос. бюджетное образовательное учреждение высш. проф. образования "Волжская гос. акад. водного транспорта", Каф. эксплуатации судовых энергетических установок |
|
| 210 |
_aНижний Новгород _cИзд-во ФГБОУ ВПО "ВГАВТ" _d2014 |
||
| 215 |
_a67, [1] с. _cил., портр. _d20 |
||
| 300 | _aНа 4-й с. обл. авт.: Матвеев Ю.И., д.т.н., проф., Андрусенко О.Е., к.т.н., Андрусенко С.Е., к.т.н., преп. | ||
| 313 | _aБез специфики | ||
| 320 | _aБиблиогр.: с. 67 (12 назв.) | ||
| 517 | 1 | _aНазначение, конструктивное исполнение, комплектация, технология изготовления | |
| 606 |
_aДвигатели внутреннего сгорания _jУчебные издания для высших учебных заведений _xПоршневые кольца _9947714 _3RU\NLR\AUTH\66351705 |
||
| 675 | _a621.4 | ||
| 686 | 1 | _aЗ365-042.1я73-1 | |
| 700 | 1 |
_7ca _8rus _aМатвеев _bЮ. И. _cд-р техн. наук _gЮрий Иванович _929526 _3RU\NLR\AUTH\7746591 |
|
| 701 | 1 |
_aАндрусенко _bО. Е. _gОлег Евгеньевич |
|
| 701 | 1 |
_aАндрусенко _bС. Е. _gСергей Евгеньевич |
|
| 801 | 0 |
_aRU _bРГБ _c20160404 _gRCR |
|
| 801 | 2 |
_aRU _bРГБ _c20160411 _grcr |
|
| 942 | _cBOOK | ||
| 980 | _aNBR | ||